000 00323nam a22001457a 4500
008 230531b ||||| |||| 00| 0 eng d
020 _a9781496320223
041 _aeng
080 _2NINTH EDITION
_a616
082 _a616SCH
100 _a12
101 _aSTM
245 _aDENTAL ANATOMY
_cSCHEID .G.R
942 _2udc
_cBK
999 _c59887
_d59887